000 01987nam a22003137a 4500
005 20091217133454.0
010 _aB-379614-615 B-432154-158
020 _a9788182639928
_c60.00
035 _aB-379614-615
035 _aB-432154-158
037 _bBlueberry
082 _aS
100 _aOriole Henry
_930274
245 _aCauvery /
_cby Oriole Henry; photographed by Clare Arni
260 _aBangalore
_bPratham Books
_c2009
270 _a633-634, 4th "C" Main, 6th B Cross, OMBR Layout, Banaswadi,
_bBangalore
_e560043
300 _a40p.:
_c25cm(pbk)
_bcol. ill.
700 _aArni, Clare
_927210
942 _2ddc
_cCH
_mORI
_hS
999 _c33103
_d33103